01725nam a22003137a 45000010005000000030006000050050017000110080041000280200018000690400029000870500019001160820008001351000018001432450065001612500041002262600030002673000045002975050007003425200639003495210018009885210018010066500022010246500022010467000031010689420015010999990015011149520142011299520140012718355FISKH20250910114440.0250910b cb ||||| |||| 00| 0 eng d a9781618103338 aFISKHbengcFISKHdFISKH aPZ7.K6668 K666 a823 aKoontz, Robin aRun...It's a bee! /cWritten and Illustrated by Robin Koontz aThis edition first published in 2013 aShenzhen :bRourke,c2013 a24 pages :bcolor illustrations ;c21 cm aG  aJuvenile Fiction. Juvenile Literature. HTML:As Victoria and Jasper were enjoying their new sunflower, Jasper gets pollen on his nose. A bee soon arrives which sends the characters running. As they run through a baseball game screaming, Run, it's a Bee, all the players start to follow them, as they run through the school auditorium screaming, Run, it's a Bee, all the actors start following them. When they finally arrive back at their garden the bee lands on Jasper's nose and licks the pollen off. He soon proceeds on his way leaving the characters feeling silly that the bee never wanted to sting them, he just wanted the pollen! 8 a380 bLexile 8 aG bRaz-Plus  2Picture bookaBee 2SunfloweraGarden aKoontz, Robindillustrator 2ddccBKn0 c8355d8355 00102ddc40708JUVFa002b002cTTP Dark Blued2025-09-10l0oKOO 823 PZ7.K6668 K666pFISTK00938r2025-09-10 08:58:59t1w2025-09-10yBK 00102ddc40708JUVFa002b002cTTP Dark Blued2025-09-10l0oKOO 823 PZ7.K6668 K666pFIS03497r2025-09-10 11:44:38t2w2025-09-10yBK